00401nam a2200157Ia 45000010006000000050017000060080041000230410008000640820020000721000034000922450064001262600009001903000028001996500008002276540008002351869520260306171649.0260306s9999||||xx |||||||||||||| ||und|| aESP a658.5bA57 2015 aAnaya Tejero, Julio JuaneAUT 0aLogística integral:bla gestión operativa de la empresa c2015 a276 páginas :c24 cm. aGEN aCAN